| 000 | 00000nam 2200000za 4500 |
| 001 | 9.578911 |
| 003 | CaOODSP |
| 005 | 20210624190317 |
| 007 | cr ||||||||||| |
| 008 | 150406|2010||||xxc|||||o f|0| 0 eng d |
| 040 | |aCaOODSP|beng |
| 043 | |an-cn--- |
| 086 | 1 |aSE7-3/2010-1E-PDF |
| 245 | 00|aEstimation of voter turnout by age group at the 2008 federal general election |h[electronic resource]. |
| 260 | |aOttawa : |bElections Canada, |c[2010]. |
| 300 | |a12 p. : |bgraphs |
| 490 | 1 |aElections Canada working paper series |
| 590 | |a14-07-Supp|b2014-04-03 |
| 690 | 07|aDemographic data|2gcpds |
| 690 | 07|aElections|2gcpds |
| 710 | 2 |aElections Canada. |
| 775 | 08|tEstimation du taux de participation par groupes d'âge à l'élection générale fédérale de 2008 |w(CaOODSP)9.606644 |
| 830 | #0|aElections Canada working paper series.|w(CaOODSP)9.507757 |
| 856 | 40|ahttp://publications.gc.ca|qPDF|s223 KB|uhttps://publications.gc.ca/collections/collection_2014/elections/SE7-3-2010-1-eng.pdf |